000 01555cam a2200133 4500500
005 20260405085544.0
041 _afre
042 _adc
100 1 0 _aAmossy, Ruth
_eauthor
245 0 0 _aL'argumentation dans le discours
260 _bArmand Colin,
_c2021.
520 _aArgumenter, c’est tenter d’agir sur son auditoire, lui faire partager ses raisonnements, orienter ses façons de voir et de penser. Comment la parole se dote-t-elle du pouvoir d’influencer son public  ? Par quels moyens verbaux s’assure-t- elle de sa force  ? La question de la parole efficace, qui est au cœur de la réflexion depuis la rhétorique antique, a été remise à l’honneur dans les sciences du langage et de la communication, mais aussi dans d’autres champs d’études comme la littérature ou les sciences politiques. Dans cet ouvrage devenu un classique, l’auteur offre une synthèse de la question. Elle propose aussi une approche originale dite de l’«  argumentation dans le discours  », dont elle précise les procédures et les enjeux. De Jaurès à Le Pen, des débats sur la guerre à l’interview électorale et au texte fictionnel, l’ouvrage se fonde sur de nombreux exemples destinés à concrétiser le propos. Il fournit ce faisant de précieux instruments d’analyse qui permettent de saisir dans leur spécificité les discours politiques, médiatiques et littéraires du passé et du présent.
856 4 1 _uhttps://shs.cairn.info/l-argumentation-dans-le-discours--9782200630447?lang=fr&redirect-ssocas=7080
999 _c2198484
_d2198484